Films avec Line Renaud par image - Statistiques

Statistiques générales
  • Ce quiz a été pris 23 fois
  • Le résultat moyen est 3 sur 16
Statistiques - réponses
Par images Réponse % Correct
Bienvenue chez les Ch'tis
100%
La Ch'tite Famille
38%
La Croisière
38%
La Maison du bonheur
29%
Une belle course
19%
Un tour chez ma fille
14%
Belle-maman
10%
Let's Dance
10%
Ripoux contre ripoux
10%
18 ans après
5%
Chaos
5%
J'ai pas sommeil
5%
La Madelon
5%
L'Increvable
5%
Mademoiselle et son gang
5%
Ma Femme me quitte
5%
Aucun quiz correspondant
Distribution des résultats
% des personnes avec chaque résultat
Percentile par nombre de réponses
Votre historique - résultats
Vous n’avez pas pris ce quiz